zpět

Detail výsledku týmu

MANGO, Karlovy Vary

Datum a čas kvízu

30 Celkem bodů Celkový počet nahraných bodů na tomto kvízu bez doplňovacích otázek.
4. Pořadí na kvízu Konečné umístění týmu na tomto kvízu.

Zaznamenané odpovědi

# Otázka Odpověď Body Výsledky
1. Jak se jmenuje 56letý český da... Zbyšek Pantůček 1
2. Minulý týden oznámila 46letá p... v Itálii 1
3. Ve čtvrtek mělo premiéru ameri... Martin Scorsese 1
4. Německý národní dopravce Deuts... Arriva 0
5. O víkendu padl v české nejvyšš... Zlín, Mladá Boleslav 1
6. V tomto tématu zabrousíme do č... Jana Nerudu 0
7. Drama Nabarvené ptáče z roku 2... Václav Marhoul 1
8. V roce 2022 přišel do kin film... jak se mám 1
9. Autorská dvojice Ladislav Pech... Dobří holubi se vracejí 0
10. Ptakopysk sice není pták, ale... Nejistá sezona 0